Fundamentos de electrotecnia

Збережено в:
Бібліографічні деталі
Автор: Müller-Schwarz, Wolfgang (autor)
Формат: Книга
Мова:Іспанська
Опубліковано: Madrid Dossat 1975
Серія:Siemens AG
Предмети:
Теги: Додати тег
Немає тегів, Будьте першим, хто поставить тег для цього запису!

MARC

LEADER 00000nam a2200000 a 4500
001 UCU5006
003 CL-VaPUC
008 960531e19750000SP |||||||||||||||||spa|d
082 0 4 |a 621.3  |b MUL  |2 21 
100 |a Müller-Schwarz, Wolfgang  |e autor  |9 362841 
245 1 0 |a Fundamentos de electrotecnia 
300 |a 317 p 
942 |c BK 
945 |d 19960531 00:00:00  |a cmena 
260 |a Madrid  |b Dossat  |c 1975 
650 0 |a Electricidad  |9 260222 
650 7 |a CARGA ELECTRICA  |2 CL-VaPUC  |9 360158 
650 0 |a Circuitos eléctricos   |9 260262 
650 7 |a CORRIENTES CONTINUAS  |2 CL-VaPUC  |9 324433 
650 7 |a POTENCIAL ELECTRICO  |2 CL-VaPUC  |9 362842 
650 0 |a Propiedades eléctricas   |9 271909 
650 7 |a CAMPOS ELECTRICOS  |2 CL-VaPUC  |9 362843 
650 7 |a CORRIENTES ALTERNAS  |2 CL-VaPUC  |9 263344 
583 |a last modification  |c 20171031 14:12:31  |k Rodrigo Vera 
490 0 |a Siemens AG 
999 |c 248523  |d 248521 
952 |0 0  |1 0  |4 0  |6 621_300000000000000_MUL_1975  |7 0  |8 A  |9 265203  |a BIBING  |b BIBING  |d 2019-11-19  |i 1668110  |o 621.3 MUL 1975  |p 1668110  |r 2025-01-20  |w 2019-11-19  |y BK  |k EIE